Quizzes
Events
Quiz Creation
Community
Videos
Private Events
Remove Ads
Sign In
Join for FREE
Feedback
Dark Mode
Quiz Categories
Sports
Geography
Music
Movies
Television
Just For Fun
Miscellaneous
History
Literature
Language
Science
Gaming
Entertainment
Religion
Holiday
For Kids
Quiz Lab
Recent
Popular Today
Quiz Kudos Today
Editor Picks
Curator Picks
Quizzes by...
Day
Popularity
Type
Ratings
Length
Year
Community
Subscriptions
Recent Discussions
Orange Saloon
Badges
Playlists
Quests
Create
Leaderboards
Showdown
Live 5
Trivia Bingo
Activity
Puzzle Library
Sporcle Events
Private Events
Virtual Trivia
Globe League
Become a Host
Pub Owners
SporcleCon
Opinionation
Our Games
Videos
Blog
Mobile Apps
Partnerships
Remove Ads and Go Orange
Feedback
Sports
Athletes
MLB
NBA
NHL
NFL
Soccer
Sports Teams
WWE
NCAA
Football
Premier League
Basketball
Baseball
Hockey
Golf
Tennis
Cricket
Rugby
Auto Racing
Olympics
World Cup
Sports
Athletes
MLB
NBA
NHL
NFL
Soccer
Sports Teams
WWE
NCAA
Football
Premier League
Basketball
Baseball
Hockey
Golf
Tennis
Cricket
Rugby
Auto Racing
Olympics
World Cup
Random Quiz
Search Sporcle
×
Quiz Lab
Quiz Lab
Sports
National Sports
Type in answers that appear in a list
Type in answers that appear in a list
Classic
Best Score? Go Orange.
Winners of UEFA and World cup Stats
Can you name the Winners of UEFA and World cup (1930 - 2014)
By
georgetaicoc
5m
34 Questions
40 Plays
40 Plays
40 Plays
Comments
Comments
Give Quiz Kudos
Give Quiz Kudos
-
- Ratings
hide this ad
Forced Order
Answers have to be entered in order
Answers have to be entered in order
Replay
Link that replays current quiz
Next Quiz
Link to next quiz in quiz playlist
You Got
0%
They Got
Avg Score
59%
Avg Friend Score
Upgrade to see
Score Distribution
Jump to the score distribution portion of the page
Score
0/34
Timer
05:00
0
Plays Today
Hint
Answer
% Correct
2014
Germany
82.5%
2010
Spain
80%
1998
France
77.5%
2006
Italy
77.5%
2002
Brazil
75%
1966
England
72.5%
2000
France
70%
1958
Brazil
70%
1990
Germany
70%
1994
Brazil
70%
1974
Germany
67.5%
1986
Argentina
67.5%
1930
Uruguay
65%
1962
Brazil
65%
1970
Brazil
65%
2012
Spain
62.5%
1996
Germany
62.5%
Hint
Answer
% Correct
1982
Italy
62.5%
1950
Uruguay
60%
1978
Argentina
60%
2006
Spain
57.5%
1992
Denmark
57.5%
1934
Italy
57.5%
1938
Italy
57.5%
1954
Germany
57.5%
1972
Germany
55%
1964
Spain
50%
1984
France
50%
1980
Germany
47.5%
1988
Netherland
45%
1968
Italy
45%
1976
Czech
27.5%
2004
Hellas
12.5%
1960
SSSR
7.5%
Quiz Playlist
Details
Report
Send in Message
Add To Playlist
Classic:
Type in answers that appear in a list
Forced Order:
Answers have to be entered in order
Last Updated: Feb 16, 2017
Quiz Scoreboard
CHALLENGE
Sign Up to Join the Scoreboard
Show All
Scores
Hide
Comments
May contain spoilers
Recently Published
Decade Duel: World Leaders
by jenniferyan
History
4m
Alphabetical 'K' Countries by Flag Minefield
by ylime102
Geography
3m
Pick 6: Fruits
by JohnFran
Miscellaneous
15s
More to Explore
Quiz From the Vault
Featured Blog Post
15 Basketball Trivia Facts You Can Be March Mad About
hide this ad
You Might Also Like...
Tags
EA Sports
National Sports
Top Sports
World Sports
Today's Top Quizzes in Sports
Browse Sports
hide this ad
Today's Top Quizzes in National Sports
Browse National Sports
Top Contributed Quizzes in Sports
1
Les joueurs à 100 buts en Ligue 1 Uber Eats
2
Pick 6: NFL Teams
3
2022 World Cup Stars
4
MLB 2 truths and a lie: Hall of Fame pitchers
5
Pick 6: Minor League Baseball
6
Millionaire: NBA Finals Edition
7
Click the 1998 NBA Draft
8
Criteria MLB: Left Handed Sluggers
9
Pick 6: Olympics
10
Pick 6: NFL WRs
Explore More
Trending Topics
Marvel
Anime
Kpop
NBA
Harry Potter
Disney
Crossword
NFL
Soccer
Country
Pokémon
Song
The Office
WWE
Puzzle
hide this ad
More By:
georgetaicoc
Quiz
Plays
Rating
Category
Featured
Created
Skulduggery Pleasant Name Chain
428
2.00
Literature
Apr 4, 2016
premier league teams
215
4.00
Sports
Apr 3, 2016
Skulduggery Pleasant Character
167
2.00
Literature
Apr 10, 2016
Harry Potter Name Chain
147
1.00
Movies
Apr 8, 2016
Top 100 Most Subscribed Youtubers (Januray 2020)
90
5.00
Gaming
Jan 30, 2020
Go to Creator's Profile
Score Distribution
Quiz Creator Spotlight
georgetaicoc
Follow
Send a Message
Quizzes Created
-
Created Quiz Play Count
-
More By This Creator
Popular Quizzes Today
1
Countries of Asia Without Outlines Minefield
2
Find the US States - No Outlines Minefield
3
Pick 6: Fruits
4
Alphabetical 'K' Countries by Flag Minefield
5
The Countries of the World
6
Find the Countries of Europe - No Outlines Minefield
7
Find the US States
8
US States
More Sports Quizzes
NCAA Profile: Princeton
Published
Trending Quizzes
Pick 6: Mountains
Pick 6: Harry Potter
Pick 6: Flags
Pick 6: NFL Teams
Pick 6: Movie Franchises
Recently Updated
Adaptations: Name the Title
pecheneg
NWSL Teams
pecheneg
Women's Final Four Teams by Year
bhenderson79
Presidents Quartet II
eogle
Anything But Clue(do)
eogle
Anything But Oceanian Capitals
eogle
Anything But 7
eogle
Anything But Thing
eogle
Word Ladder: February 29
pecheneg
Song Title Questions
pecheneg
Trending Topics
Harry Potter
NBA
Marvel
Anime
Crossword
Disney
Kpop
Pokémon
The Office
WWE
NFL
Puzzle
Country
Song
Soccer
Your Account Isn't Verified!
In order to create a playlist on Sporcle, you need to verify the email address you used during registration. Go to your
Sporcle Settings
to finish the process.
Report this User
Report this user for behavior that violates our
Community Guidelines
.
Details:
Send Report
Go to the Sporcle.com Mobile Site →
Comments